000 00902nam a2200217 i 4500
001 114541
003 ES-MaACL
005 20240523063033.0
007 t|
008 070308s1958 sp ||||1| spa d
100 1 _aQuevedo, Francisco de,
_d1580-1645
_994591
245 1 0 _aObras satíricas y festivas /
_cFrancisco de Quevedo ; edición, noticia preliminar y notas de José Bergua.
260 _aMadrid :
_bIbéricas,
_c[1958]
300 _a2 v. ;
_c17 cm.
490 1 _aBiblioteca de bolsillo
505 8 _aContiene: V. 1. Los sueños ; Discursos festivos -- v. 2. Historia de la vida del buscón llamado D. Pablos ; La hora de todos y la fortuna con seso ; Cuento de cuentos ; La culta Latiniparla ; Pragmática del año 1600.
700 1 _aBergua, José.
_928017
830 0 _aBiblioteca de Bolsillo
_9177945
852 _aES-MaACL
_jC-16840-1
_bR.41806
999 _c114541
_d114541